Statistiques concernant 7 Perso - 1 Pts Commun - Harry Potter #19

Cliquez ici pour prendre le quiz!

Statistiques générales

  • Ce quiz a été pris 244 fois
  • Le résultat moyen est 4 sur 7

Statistiques - réponses

Personnages% Correct
Salazar Serpentard
94%
Rowena Serdaigle
93%
Harry Potter
64%
Tom Jedusor
60%
Nagini
50%
"Proprietaires" Horcruxes
42%
Elvis Gaunt
39%

Distribution des résultats

Percentile par nombre de réponses

% des personnes avec chaque résultat

Votre développement - résultats

Vous n’avez pas pris ce quiz